Všechna města na Slovensku - Statistics

General Stats
  • This quiz has been taken 954 times
  • The average score is 51 of 141
Answer Stats
Obyv. Název % Correct
437 725 Bratislava
99%
238 593 Košice
94%
78 084 Banská Bystrica
85%
80 727 Žilina
83%
65 033 Trnava
82%
55 383 Trenčín
81%
76 533 Nitra
77%
51 235 Poprad
77%
88 464 Prešov
75%
54 168 Martin
70%
31 000 Liptovský Mikuláš
67%
33 751 Komárno
64%
10 004 Banská Štiavnica
62%
42 167 Zvolen
62%
38 776 Michalovce
61%
23 941 Čadca
60%
32 834 Humenné
60%
37 512 Nové Zámky
60%
37 007 Spišská Nová Ves
60%
32 293 Bardejov
58%
26 558 Ružomberok
58%
27 336 Piešťany
56%
22 684 Dunajská Streda
55%
20 071 Nové Mesto nad Váhom
54%
45 634 Prievidza
53%
17 467 Malacky
50%
14 990 Galanta
49%
16 346 Kežmarok
49%
39 271 Považská Bystrica
49%
23 751 Rimavská Sobota
49%
19 963 Senec
49%
24 785 Topoľčany
49%
17 561 Púchov
47%
20 289 Senica
47%
17 750 Bánovce nad Bebravou
46%
32 735 Levice
46%
18 665 Dolný Kubín
45%
27 739 Lučenec
45%
15 022 Skalica
45%
20 889 Brezno
44%
11 514 Myjava
44%
23 034 Pezinok
44%
12 700 Sabinov
44%
11 363 Bytča
43%
14 722 Levoča
43%
20 289 Snina
43%
18 852 Žiar nad Hronom
43%
5 464 Ilava
42%
22 269 Partizánske
42%
19 045 Rožňava
42%
24 649 Trebišov
42%
23 550 Dubnica nad Váhom
40%
21 689 Šaľa
40%
16 327 Stará Ľubovňa
40%
22 245 Vranov nad Topľou
40%
10 568 Fiľakovo
39%
14 953 Kysucké Nové Mesto
39%
10 186 Štúrovo
39%
7 748 Vrútky
39%
11 375 Zlaté Moravce
38%
4 992 Bojnice
37%
14 545 Detva
37%
9 046 Modra
37%
7 784 Námestovo
37%
5 258 Kremnica
36%
6 531 Medzilaborce
35%
15 444 Sereď
35%
10 752 Svidník
35%
5 473 Gabčíkovo
34%
21 301 Hlohovec
34%
11 949 Revúca
34%
10 438 Stropkov
34%
4 009 Vysoké Tatry
34%
16 890 Handlová
33%
11 156 Holíč
33%
4 097 Leopoldov
31%
4 203 Nováky
30%
5 787 Rajec
30%
2 230 Spišská Stará Ves
30%
12 108 Stupava
30%
6 330 Turčianske Teplice
30%
11 755 Veľký Krtíš
30%
6 346 Sobrance
29%
4 162 Trenčianske Teplice
29%
7 397 Liptovský Hrádok
28%
13 350 Šamorín
28%
7 397 Hurbanovo
27%
10 586 Kolárovo
26%
11 307 Moldava nad Bodvou
26%
9 201 Tvrdošín
26%
3 619 Čierna nad Tisou
25%
7 923 Svit
25%
6 170 Žarnovica
25%
1 395 Dudince
23%
6 047 Gelnica
23%
3 985 Spišské Podhradie
23%
11 040 Nová Dubnica
22%
3 023 Rajecké Teplice
22%
7 219 Šahy
22%
8 764 Stará Turá
22%
7 114 Tornaľa
22%
4 959 Sliač
21%
4 768 Brezová pod Bradlom
20%
5 685 Dobšiná
20%
5 584 Poltár
20%
5 073 Gbely
19%
6 733 Spišská Belá
19%
5 724 Svätý Jur
19%
7 360 Trstená
19%
8 612 Veľký Meder
19%
7 912 Krupina
18%
6 542 Lipany
18%
1 624 Modrý Kameň
18%
4 965 Šaštín-Stráže
18%
6 426 Veľký Šariš
18%
8 551 Vráble
18%
6 746 Želiezovce
18%
4 089 Giraltovce
17%
3 289 Jelšava
17%
8 684 Krompachy
17%
7 314 Nová Baňa
17%
9 659 Šurany
17%
8 862 Veľké Kapušany
17%
5 209 Sládkovičovo
16%
3 459 Spišské Vlachy
16%
7 426 Kráľovský Chlmec
15%
7 515 Turzovka
15%
6 414 Nemšová
14%
8 542 Sečovce
14%
7 411 Hnúšťa
13%
6 799 Krásno nad Kysucou
13%
4 482 Medzev
13%
4 250 Strážske
13%
3 782 Hanušovce nad Topľou
12%
3 155 Podolínec
12%
4 087 Tisovec
12%
4 278 Turany
12%
5 907 Vrbové
12%
7 415 Hriňová
11%
5 049 Nesvady
11%
3 520 Tlmače
10%
No matching quizzes found
Score Distribution
Percent of People with Each Score
Percentile by Number Answered
Your Score History
You have not taken this quiz